Statistiken für Die teuersten Fußballtransfers - Saison 2010-2011

Klicken Sie hier um das Quiz zu spielen!

Allgemein

  • Dieses Quiz wurde 31 mal gespielt
  • Das Durchschnittsergebnis liegt bei 7 aus 10

Antwortstatistiken

Ablöse (M €)NationalitätAbgebender VereinAufnehmender VereinSpieler% Korrekt
37,00Bosnien und HerzegowinaVfL WolfsburgManchester CityEdin Dzeko
93%
58,50SpanienFC LiverpoolFC ChelseaFernando Torres
93%
26,50UruguayAjax AmsterdamFC LiverpoolLuis Suárez
93%
30,00ElfenbeinküsteFC BarcelonaManchester CityYaya Touré
79%
33,00ArgentinienBenficaReal MadridÁngel Di María
68%
29,50ItaliaInterManchester CityMario Balotelli
61%
28,75SpanienFC ValenciaManchester CityDavid Silva
54%
40,00SpanienFC ValenciaFC BarcelonaDavid Villa
50%
41,00EnglandNewcastle Utd.FC LiverpoolAndy Carroll
39%
25,00BrasilienBenficaFC ChelseaDavid Luiz
32%

Verteilung der Resultate

Perzentil nach korrekt beantworteten Fragen

Anzahl Personen mit jedem Resultat

Ihre Resultats-Entwicklung

Sie haben dieses Quiz noch nicht gespielt